000 00303nam a22001457a 4500
008 181018b xxu||||| |||| 00| 0 eng d
020 _a0879803584
041 _aeng
080 _a 615.83
082 _a 615.83
100 _a8
101 _aEGZ
245 _aReflexology
_cSEGAL.M
942 _2udc
_cBK
999 _c50094
_d50094